Sharjah Art Foundation Library

Happy Veggies/ (Record no. 6523)

MARC details
000 -LEADER
fixed length control field 00483nam a2200169Ia 4500
001 - CONTROL NUMBER
control field 6523
008 - FIXED-LENGTH DATA ELEMENTS--GENERAL INFORMATION
fixed length control field 260427s9999 xx 000 0 und d
020 ## - INTERNATIONAL STANDARD BOOK NUMBER
International Standard Book Number 9781946764065
245 #0 - TITLE STATEMENT
Title Happy Veggies/
Statement of responsibility, etc. Mayumi Oda
260 ## - PUBLICATION, DISTRIBUTION, ETC.
Place of publication, distribution, etc. California;
Name of publisher, distributor, etc. Plum Blossom Books, Parallax Press;
Date of publication, distribution, etc. 2018
300 ## - PHYSICAL DESCRIPTION
Extent 75p;
Dimensions 22x16cm
546 ## - LANGUAGE NOTE
Language note English
650 ## - SUBJECT ADDED ENTRY--TOPICAL TERM
Topical term or geographic name entry element Indigenous societies
9 (RLIN) 9260
650 ## - SUBJECT ADDED ENTRY--TOPICAL TERM
Topical term or geographic name entry element PZ(1)-90 Fiction and juvenile belles lettres
9 (RLIN) 9349
651 ## - SUBJECT ADDED ENTRY--GEOGRAPHIC NAME
Geographic name Hawaii
9 (RLIN) 2928
942 ## - ADDED ENTRY ELEMENTS (KOHA)
Koha item type Book
Holdings
Withdrawn status Lost status Damaged status Not for loan Collection Home library Current library Shelving location Date acquired Source of acquisition Total Checkouts Full call number Barcode Date last seen Price effective from Koha item type
        Language and Literature SAF Reference Library SAF Reference Library   04/27/2026 SB15 reading room- Meleanna Meyer   PZ(1)-90 80.371 6523 04/27/2026 04/27/2026 Book

Copyright © 2022. Sharjah Art Foundation. All Rights Reserved.